000 00200 a2200097 4500
001 25872
100 _aStevenson, R L
245 _aTreasure Island
260 _a
_bT. Nelson
_c
090 _c17490
_d17490
942 _aNUST-CAE
_cM
_c8325
999 _c260945
_d260945